000 00595nam a2200205 a 4500
005 20230308063614.0
008 060329s2004 000 eng d
020 _a987000461X
035 _aUPN01000144983
049 _aCG
050 4 _aHQ76
_bA5.3
100 1 _aAnge, Daniel
245 1 0 _aHomosexual :
_b¿quién eres? ¿adónde vas? /
_cDaniel Ange ; tr. Daniel Bassini.
260 _aBuenos Aires :
_bLumen,
_c2004.
300 _a93 p.
440 0 _aTemas actuales
534 _pTraducción de:
_tHomosexuel. Qui es-tu? Oú vas,tu?
650 4 _aHomosexualidad
_97378
905 _aLibro
999 _c117130
_d117130